000 01138nam a2200253Ia 4500
001 226.5-Gv* FEU an (13216)
003 IT-MiSPE
008 171229s9999||||xx |||||||||||||| ||und||
040 _aIT-MiSPE
_cIT-MiSPE
041 _aITALIANO
100 _aAndré Feuillet
240 _aLe prologue du quatrième évangile
245 0 _aIl Prologo del quarto Vangelo
_bStudio sulla teologia giovannea
250 _a1a ed. (v)
260 _aAssisi
_bCittadella
_c(st.) 1971
300 _a295 p.
_c19 cm
490 _aQuestioni aperte
501 _aEdizioni San Paolo srl - Piazza Soncino, 5 - 20092 CINISELLO BALSAMO (MI) (non commercial uses only) ® Copyright 2018
650 _aBIBBIA. NT. Vangelo secondo Giovanni
700 _aBruno Soremin
_g(traduzione)
942 _cBK
957 _71
999 _a8079
_bNO
_g Copie: 1
_c339190
_d339190